Φορτώνει......

History of the Vijayanagara empire

Λεπτομέρειες βιβλιογραφικής εγγραφής
Κύριος συγγραφέας: Sharma , M H R
Μορφή: Printed Book
Έκδοση: Bombay Popular prakashan 1978
Θέματα:
LEADER 00463nam a22001337a 4500
082 |a 954.802  
100 |a Sharma , M H R 
245 |a History of the Vijayanagara empire 
260 |a Bombay  |b Popular prakashan  |c 1978 
300 |a 246p 
650 |a History of Karnataka 
942 |c BK 
999 |c 288629  |d 288629 
952 |0 0  |1 0  |4 0  |6 954_802000000000000_SHA_H_1  |7 0  |8 Rebinded  |9 328071  |a HIS  |b HIS  |c ST1  |d 2014-06-21  |h V.1  |i 18280  |l 0  |o 954.802 SHA /H.1  |p HIS18280  |r 2014-06-21  |w 2018-08-23  |y BK